| 000 | 00796nam a22002177a 4500 | ||
|---|---|---|---|
| 005 | 20240530110916.0 | ||
| 008 | 220221s2001 ua c g b 000 0 ara d | ||
| 017 | _bمصر. دار الكتب | ||
| 020 | _a978988452109 | ||
| 040 |
_aEG-CaGPL _cEG-CaGPL |
||
| 082 | 0 | 4 |
_221 _a415.1 / _bم م |
| 100 | 0 | _aمحمد اديب عبدالواحد جمران | |
| 245 | 1 | 0 |
_aمعجما الجموع التى لا مفرد لها والاسماء التى لا افعال لها / _cمحمد اديب عبدالواحد جمران |
| 260 |
_aالرياض : _bمكتبة العبيكان _c2001 |
||
| 300 |
_a198 ص؛ _c24 سم |
||
| 650 |
_aاللغة العربية _2qrmak |
||
| 650 |
_aالنحو _2qrmak |
||
| 651 | _2qrmak | ||
| 942 |
_2ddc _cBK |
||
| 999 |
_c66398 _d66398 |
||